El subsistema político de la seguridad social en Chile

Guardat en:
Dades bibliogràfiques
Autors principals: Tapia Videla, Jorge Iván (Autor), Quirós Varela, Luis (Autor)
Format: Llibre
Idioma:espanyol
Publicat: Santiago Universidad Católica de Chile 1974
Col·lecció:Documentos de Trabajo, 5
Matèries:
Etiquetes: Afegir etiqueta
Sense etiquetes, Sigues el primer a etiquetar aquest registre!

MARC

LEADER 00000nam a2200000 a 4500
001 UCT6909
003 CL-VaPUC
008 970113e19740900CL |||||||||||||||||spa|d
082 0 4 |a 344.02  |b TAP  |2 21 
100 0 |a Tapia Videla, Jorge Iván  |e author  |9 377294 
700 0 |a Quirós Varela, Luis  |e author  |9 377295 
245 1 3 |a El subsistema político de la seguridad social en Chile 
300 |a 2 v 
942 |c BK 
945 |d 19970113 00:00:00  |a paguirre 
260 |a Santiago  |b Universidad Católica de Chile  |c 1974 
500 |a v.1: Capítulos 1 y 2 
500 |a v.2: Capítulos 3 y 4 
650 0 |a Seguridad social  |9 255322 
650 0 |a Política social  |9 257588 
650 0 |a Justicia social  |9 314874 
650 7 |a PROGRESO SOCIAL  |2 CL-VaPUC  |9 338935 
650 7 |a POLITICA DE DESARROLLO  |2 CL-VaPUC  |9 335853 
651 7 |a CHILE  |2 CL-VaPUC  |9 377296 
583 |a last modification  |c 19970113 00:00:00  |k Rodrigo Vera 
490 0 |a Documentos de Trabajo, 5 
999 |c 255578  |d 255576 
952 |0 0  |1 0  |4 0  |6 344_020000000000000_TAP_1974  |7 0  |8 A  |9 277883  |a BIBDER  |b BIBDER  |d 2019-11-19  |h v.1  |i 1804138  |o 344.02 TAP 1974  |p 1804138  |r 2023-01-25  |w 2019-11-19  |y BK  |k DER 
952 |0 0  |1 0  |4 0  |6 344_020000000000000_TAP_1974  |7 0  |8 A  |9 277884  |a BIBDER  |b BIBDER  |d 2019-11-19  |h v.2  |i 1804146  |o 344.02 TAP 1974  |p 1804146  |r 2023-01-25  |w 2019-11-19  |y BK  |k DER